000 00301 a2200133 4500
001 57471
082 _a657.72 WIL
090 _c35203
_d35203
100 _aTony Wild
245 _aBest practice in inventory management
260 _aOxford
_bButtorworth
_c1998
300 _a240p.
500 _aDOS
942 _aNUST-CAE
_k657.72 WIL
999 _c292544
_d292544